| 000 | 01098nam a2200313 a 4500 | ||
|---|---|---|---|
| 001 | 316 | ||
| 003 | BR-CuiBMT | ||
| 005 | 20231123160117.0 | ||
| 008 | 231004b2022 mgba 000 0 por d | ||
| 020 | _a9786555182552 (v. 1) | ||
| 020 | _a9786555184327 (v. 2) | ||
| 040 |
_aBR-CuiBMT _cBR-CuiBMT |
||
| 080 |
_22007 _a347.1 |
||
| 090 |
_a347.1 _bD598 _c2. ed. |
||
| 245 | 0 | 0 |
_aDireito civil e tecnologia / _cMarcos Ehrhardt Júnior, Marcos Catalan, Pablo Malheiros, coordenadores ; [autores Alexandre Barbosa da Silva ... et al.]. |
| 250 | _a2 ed., rev., ampl. e atual. | ||
| 260 |
_aBelo Horizonte : _bFórum, _c2021-2022. |
||
| 300 |
_a2 v. : _bil. ; _c24 cm |
||
| 500 | _aVários autores. | ||
| 504 | _aInclui bibliografia. | ||
| 650 |
_aDireito civil _xInovações tecnológicas |
||
| 650 | _aDireito digital | ||
| 650 | _aDireito eletrônico | ||
| 700 | 1 |
_aEhrhardt Júnior, Marcos _4coord. |
|
| 700 | 1 |
_aCatalan, Marcos Jorge, _d1973- _4coord. |
|
| 700 | 1 |
_aFrota, Pablo Malheiros da Cunha, _d1980- _4coord. |
|
| 700 | 1 |
_aSilva, Alexandre Barbosa da _eet al. _eautores |
|
| 942 |
_2udc _cLV |
||
| 999 |
_c316 _d316 |
||